000
00251 a2200097 4500
001
28243
100
_a
Fox, L
245
_a
Numerical solution of ordinary and partial differential equations
260
_a
_b
Addison Wesley
_c
1968
090
_c
18858
_d
18858
942
_a
NUST-CAE
_c
M
_c
9844
999
_c
263316
_d
263316